000 00500nam a22001695i 4500
001 102855
003 ES-MaACL
005 20230906183212.0
007 t|
008 950928s1884 it ||||1| ita d
040 _aCAM
_bspa
_cCAM
111 2 _aEsposizione italiana de Torino (
_d1884)
_9641
245 1 2 _aL'Esposizione italiana del 1884 in Torino
_b: illustrata.
260 _aMilano :
_bEdoardo Sonzogno,
_c[1884]
300 _a[2], 320, [2] p. :
_bil. ;
_c38 cm.
852 _aES-MaACL
_jC-1076
999 _c102855
_d102855